Ṭībah "āthār al-Uqṣur"

محفوظ في:

المؤلف الرئيسي: , Charles Francis Nims.

مؤلفون آخرون: Maḥmūd. Māhir Ṭāhā.

التنسيق: كتاب

اللغة: Undetermined

منشور في: Cairo : al-Hayʼah al-Miṣrīyah al-ʻĀmah al-Kitāb, 1999.

سلاسل: Alif kitāb al-thānī, nāfidhah ʻalá al-thaqāfah al-ʻālamīyah

الموضوعات:

الوسوم: إضافة وسم

لا توجد وسوم, كن أول من يضع وسما على هذه التسجيلة!

رقم الطلب: DT73 .T3 N512

LEADER 00771nam a2200217Ia 4500
008 240329s9999||||xx |||||||||||||| ||und||
020 |a 978-9770160787 
050 4 |a DT73 .T3 N512 
100 1 |a , Charles Francis Nims. 
245 1 0 |a Ṭībah "āthār al-Uqṣur"  |c , Charles Francis Nims 
264 1 |a Cairo :  |b al-Hayʼah al-Miṣrīyah al-ʻĀmah al-Kitāb,  |c 1999. 
300 |a 258 pages, 44 unnumbered pages of plate  |c 23 CM 
490 0 |a Alif kitāb al-thānī, nāfidhah ʻalá al-thaqāfah al-ʻālamīyah  
500 |a Translation of: Thebes of the Pharaohs  
650 |a  Egypt Thebes (Extinct city) 
650 |a Antiquities  
650 |a Egypt Antiquities  
650 |a Egypt Luxor  
700 1 |a Maḥmūd. Māhir Ṭāhā. 
942 |2 lcc  |c BK 
999 |c 57712  |d 57712